00315nam a2200121Ia 4500003000400000005001700004008004100021020001800062040002000080100001600100245004100116260003600157OSt20240313145243.0170523s9999 xx 000 0 und d a9789352168187 cIIMT UNIVERSITY aGupta- R.P. 0aBasic Electrical Engineering (Hindi) aBharat Bharati Prakashan Meerut